<?xml version="1.0" encoding="UTF-8"?>
<record
    xmlns:xsi="http://www.w3.org/2001/XMLSchema-instance"
    xsi:schemaLocation="http://www.loc.gov/MARC21/slim http://www.loc.gov/standards/marcxml/schema/MARC21slim.xsd"
    xmlns="http://www.loc.gov/MARC21/slim">

  <leader>01294nam a2200253 a 4500</leader>
  <controlfield tag="001">38773</controlfield>
  <controlfield tag="003">BD-RjUL</controlfield>
  <controlfield tag="005">20211209052846.0</controlfield>
  <controlfield tag="008">160224s1988    bg ado|g |||| 001 0 ben d</controlfield>
  <datafield tag="035" ind1=" " ind2=" ">
    <subfield code="a">(BD-RjUL)38882</subfield>
  </datafield>
  <datafield tag="040" ind1=" " ind2=" ">
    <subfield code="a">BD-RjUL</subfield>
    <subfield code="b">ben</subfield>
    <subfield code="c">BD-RjUL</subfield>
  </datafield>
  <datafield tag="041" ind1=" " ind2=" ">
    <subfield code="a">ben</subfield>
  </datafield>
  <datafield tag="082" ind1="0" ind2="4">
    <subfield code="2">23</subfield>
    <subfield code="a">530</subfield>
    <subfield code="b">REP 1988</subfield>
  </datafield>
  <datafield tag="100" ind1="1" ind2=" ">
    <subfield code="a">&#x9B0;&#x9C7;&#x9B8;&#x9A8;&#x9BF;&#x995;, &#x9B0;&#x9AC;&#x9BE;&#x9B0;&#x9CD;&#x99F; </subfield>
    <subfield code="9">734</subfield>
  </datafield>
  <datafield tag="245" ind1="1" ind2="0">
    <subfield code="a">&#x9AA;&#x9A6;&#x9BE;&#x9B0;&#x9CD;&#x9A5; &#x9AC;&#x9BF;&#x9A6;&#x9CD;&#x9AF;&#x9BE; /</subfield>
    <subfield code="c">&#x9B0;&#x9AC;&#x9BE;&#x9B0;&#x9CD;&#x99F; &#x9B0;&#x9C7;&#x9B8;&#x9A8;&#x9BF;&#x995; &#x98F;&#x9AC;&#x982; &#x9A1;&#x9C7;&#x9AD;&#x9BF;&#x9A1; &#x9B9;&#x9CD;&#x9AF;&#x9BE;&#x9B2;&#x9BF;&#x9A1;&#x9C7; &#x9B8;&#x9AE;&#x9CD;&#x9AA;&#x9BE;&#x9A6;&#x995; &#x985;&#x9A7;&#x9CD;&#x9AF;&#x9BE;&#x9AA;&#x995; &#x985;&#x99C;&#x9AF;&#x9BC; &#x9B0;&#x9BE;&#x9AF;&#x9BC;., &#x985;&#x9A8;&#x9C1;&#x9AC;&#x9BE;&#x9A6;&#x995; &#x9A1;&#x983; &#x985;&#x99C;&#x9AF;&#x9BC; &#x9B0;&#x9BE;&#x9AF;&#x9BC;,  &#x9A1;&#x983; &#x9B0;. &#x987;. &#x9AE;. &#x986;&#x9AE;&#x9BF;&#x9A8;&#x9C1;&#x9B0; &#x9B0;&#x9B6;&#x9C0;&#x9A6;, &#x9A1;&#x983; &#x9AE;&#x9C7;&#x9B8;&#x9AC;&#x9BE;&#x9B9;&#x989;&#x9A6;&#x9CD;&#x9A6;&#x9BF;&#x9A8; &#x986;&#x9B9;&#x9AE;&#x9A6;, &#x9A1;&#x983; &#x9B6;&#x9BE;&#x99C;&#x9BE;&#x9B9;&#x9BE;&#x9A8; &#x9A4;&#x9AA;&#x9A8;, &#x9A1;. &#x9B0;&#x9BE;&#x9A8;&#x9BE; &#x99A;&#x9CC;&#x9A7;&#x9C1;&#x9B0;&#x9C0;</subfield>
  </datafield>
  <datafield tag="260" ind1=" " ind2=" ">
    <subfield code="a">&#x9A2;&#x9BE;&#x995;&#x9BE; :</subfield>
    <subfield code="b">&#x9AC;&#x9BE;&#x982;&#x9B2;&#x9BE; &#x98F;&#x995;&#x9BE;&#x9A1;&#x9C7;&#x9AE;&#x9C0;,</subfield>
    <subfield code="c">&#x9E7;&#x9EF;&#x9EE;&#x9EE;</subfield>
  </datafield>
  <datafield tag="300" ind1=" " ind2=" ">
    <subfield code="a"> &#x996;&#x9A8;&#x9CD;&#x9A1; :</subfield>
    <subfield code="b">&#x99A;&#x9BF;&#x9A4;&#x9CD;&#x9B0; ;</subfield>
    <subfield code="c">&#x9E8;&#x9E8; &#x9B8;&#x9C7;&#x9AE;&#x9BF;.</subfield>
  </datafield>
  <datafield tag="500" ind1=" " ind2=" ">
    <subfield code="a">&#x9A8;&#x9BF;&#x9B0;&#x9CD;&#x998;&#x9A8;&#x9CD;&#x99F; &#x993; &#x9AA;&#x9B0;&#x9BF;&#x9AD;&#x9BE;&#x9B7;&#x9BE; &#x9B8;&#x982;&#x9AF;&#x9C1;&#x995;&#x9CD;&#x9A4; &#x964;</subfield>
  </datafield>
  <datafield tag="505" ind1=" " ind2=" ">
    <subfield code="a">&#x996;&#x9A8;&#x9CD;&#x9A1; &#x9E8;--</subfield>
  </datafield>
  <datafield tag="650" ind1=" " ind2=" ">
    <subfield code="a">&#x9AA;&#x9A6;&#x9BE;&#x9B0;&#x9CD;&#x9A5;&#x9AC;&#x9BF;&#x9A6;&#x9CD;&#x9AF;&#x9BE;</subfield>
    <subfield code="9">119499</subfield>
  </datafield>
  <datafield tag="650" ind1=" " ind2=" ">
    <subfield code="a">Physics</subfield>
    <subfield code="9">119613</subfield>
  </datafield>
  <datafield tag="700" ind1="1" ind2=" ">
    <subfield code="a">&#x9B9;&#x9CD;&#x9AF;&#x9BE;&#x9B2;&#x9BF;&#x9A1;&#x9C7;, &#x9A1;&#x9C7;&#x9AD;&#x9BF;&#x9A1;.</subfield>
    <subfield code="9">738</subfield>
  </datafield>
  <datafield tag="942" ind1=" " ind2=" ">
    <subfield code="2">ddc</subfield>
    <subfield code="c">BK</subfield>
    <subfield code="0">3</subfield>
  </datafield>
  <datafield tag="999" ind1=" " ind2=" ">
    <subfield code="c">38773</subfield>
    <subfield code="d">38773</subfield>
  </datafield>
  <datafield tag="952" ind1=" " ind2=" ">
    <subfield code="0">0</subfield>
    <subfield code="1">0</subfield>
    <subfield code="2">ddc</subfield>
    <subfield code="4">0</subfield>
    <subfield code="7">0</subfield>
    <subfield code="8">NFIC</subfield>
    <subfield code="a">RUCL</subfield>
    <subfield code="b">RUCL</subfield>
    <subfield code="c">Stack</subfield>
    <subfield code="d">1996-11-10</subfield>
    <subfield code="e">Dhaka, Bangla Academy</subfield>
    <subfield code="g">125.00</subfield>
    <subfield code="l">1</subfield>
    <subfield code="o">B 530 REP V-1(Pt-2) 1988</subfield>
    <subfield code="r">2016-03-19 00:00:00</subfield>
    <subfield code="s">2016-02-28</subfield>
    <subfield code="t">C-2</subfield>
    <subfield code="w">2021-12-09</subfield>
    <subfield code="y">BK</subfield>
  </datafield>
  <datafield tag="952" ind1=" " ind2=" ">
    <subfield code="0">0</subfield>
    <subfield code="1">0</subfield>
    <subfield code="2">ddc</subfield>
    <subfield code="4">0</subfield>
    <subfield code="7">0</subfield>
    <subfield code="8">NFIC</subfield>
    <subfield code="a">RUCL</subfield>
    <subfield code="b">RUCL</subfield>
    <subfield code="c">Stack</subfield>
    <subfield code="d">1996-11-10</subfield>
    <subfield code="e">Dhaka, Bangla Academy</subfield>
    <subfield code="g">125.00</subfield>
    <subfield code="l">0</subfield>
    <subfield code="o">B 530 REP V-1(Pt-2) 1988</subfield>
    <subfield code="r">2016-02-24 00:00:00</subfield>
    <subfield code="t">C-3</subfield>
    <subfield code="w">2021-12-09</subfield>
    <subfield code="y">BK</subfield>
  </datafield>
  <datafield tag="952" ind1=" " ind2=" ">
    <subfield code="0">0</subfield>
    <subfield code="1">0</subfield>
    <subfield code="2">ddc</subfield>
    <subfield code="4">0</subfield>
    <subfield code="7">0</subfield>
    <subfield code="8">NFIC</subfield>
    <subfield code="a">RUCL</subfield>
    <subfield code="b">RUCL</subfield>
    <subfield code="c">Stack</subfield>
    <subfield code="d">1996-11-10</subfield>
    <subfield code="e">Dhaka, Bangla Academy</subfield>
    <subfield code="g">125.00</subfield>
    <subfield code="l">2</subfield>
    <subfield code="o">B 530 REP V-1(Pt-2) 1988</subfield>
    <subfield code="r">2016-02-25 00:00:00</subfield>
    <subfield code="s">2016-02-25</subfield>
    <subfield code="t">C-4</subfield>
    <subfield code="w">2021-12-09</subfield>
    <subfield code="y">BK</subfield>
  </datafield>
  <datafield tag="952" ind1=" " ind2=" ">
    <subfield code="0">0</subfield>
    <subfield code="1">0</subfield>
    <subfield code="2">ddc</subfield>
    <subfield code="4">0</subfield>
    <subfield code="7">0</subfield>
    <subfield code="8">NFIC</subfield>
    <subfield code="a">RUCL</subfield>
    <subfield code="b">RUCL</subfield>
    <subfield code="c">Stack</subfield>
    <subfield code="d">1992-09-27</subfield>
    <subfield code="e">Bangla Academy, Dhaka</subfield>
    <subfield code="g">0.00</subfield>
    <subfield code="l">0</subfield>
    <subfield code="o">B 530 REP V-2(Pt-2) 1989 </subfield>
    <subfield code="r">2016-05-31 00:00:00</subfield>
    <subfield code="t">C-2</subfield>
    <subfield code="w">2021-12-09</subfield>
    <subfield code="y">BK</subfield>
  </datafield>
  <datafield tag="952" ind1=" " ind2=" ">
    <subfield code="0">0</subfield>
    <subfield code="1">0</subfield>
    <subfield code="2">ddc</subfield>
    <subfield code="4">0</subfield>
    <subfield code="7">0</subfield>
    <subfield code="8">NFIC</subfield>
    <subfield code="a">RUCL</subfield>
    <subfield code="b">RUCL</subfield>
    <subfield code="c">Stack</subfield>
    <subfield code="d">1995-11-10</subfield>
    <subfield code="e">Bangla Academy, Dhaka</subfield>
    <subfield code="g">100.00</subfield>
    <subfield code="l">0</subfield>
    <subfield code="o">B 530 REP V-2(pt-1) 1988</subfield>
    <subfield code="r">2016-10-02 00:00:00</subfield>
    <subfield code="t">C-3</subfield>
    <subfield code="w">2021-12-09</subfield>
    <subfield code="y">BK</subfield>
  </datafield>
  <datafield tag="952" ind1=" " ind2=" ">
    <subfield code="0">0</subfield>
    <subfield code="1">0</subfield>
    <subfield code="2">ddc</subfield>
    <subfield code="4">0</subfield>
    <subfield code="7">0</subfield>
    <subfield code="8">NFIC</subfield>
    <subfield code="a">RUCL</subfield>
    <subfield code="b">RUCL</subfield>
    <subfield code="c">Stack</subfield>
    <subfield code="d">1990-06-25</subfield>
    <subfield code="e">Bangla Academy, Dhaka.</subfield>
    <subfield code="g">120.00</subfield>
    <subfield code="l">0</subfield>
    <subfield code="o">B 530 REP V-2 (Pt-2) 1989 </subfield>
    <subfield code="r">2016-11-17 00:00:00</subfield>
    <subfield code="t">C-4</subfield>
    <subfield code="w">2016-11-17</subfield>
    <subfield code="y">BK</subfield>
  </datafield>
  <datafield tag="952" ind1=" " ind2=" ">
    <subfield code="0">0</subfield>
    <subfield code="1">0</subfield>
    <subfield code="2">ddc</subfield>
    <subfield code="4">0</subfield>
    <subfield code="7">0</subfield>
    <subfield code="8">NFIC</subfield>
    <subfield code="a">RUCL</subfield>
    <subfield code="b">RUCL</subfield>
    <subfield code="c">Stack</subfield>
    <subfield code="d">1991-04-01</subfield>
    <subfield code="e">Bangla Academy, Dhaka.</subfield>
    <subfield code="g">120.00</subfield>
    <subfield code="l">0</subfield>
    <subfield code="o">B 530 REP V-2 (Pt-2) 1989</subfield>
    <subfield code="r">2016-11-17 00:00:00</subfield>
    <subfield code="t">C-5</subfield>
    <subfield code="w">2016-11-17</subfield>
    <subfield code="y">BK</subfield>
  </datafield>
  <datafield tag="952" ind1=" " ind2=" ">
    <subfield code="0">0</subfield>
    <subfield code="1">0</subfield>
    <subfield code="2">ddc</subfield>
    <subfield code="4">0</subfield>
    <subfield code="7">0</subfield>
    <subfield code="8">NFIC</subfield>
    <subfield code="a">RUCL</subfield>
    <subfield code="b">RUCL</subfield>
    <subfield code="c">Stack</subfield>
    <subfield code="d">1992-09-27</subfield>
    <subfield code="e">Bangla Academy, Dhaka.</subfield>
    <subfield code="l">0</subfield>
    <subfield code="o">B 530 REP V-1 (Pt-2) 1988</subfield>
    <subfield code="r">2016-11-24 00:00:00</subfield>
    <subfield code="t">C-5</subfield>
    <subfield code="w">2016-11-24</subfield>
    <subfield code="y">BK</subfield>
  </datafield>
</record>
